header

Homicide trends, causes and prevention (Record no. 60385)

MARC details
000 -LEADER
fixed length control field 01393nam a2200349 a 4500
082 04 - DEWEY DECIMAL CLASSIFICATION NUMBER
Classification number 364.152
245 00 - TITLE STATEMENT
Title Homicide trends, causes and prevention
260 ## - PUBLICATION, DISTRIBUTION, ETC. (IMPRINT)
Place of publication Hauppauge, N.Y. :
Name of publisher Nova Science Publishers,
Year of publication c2009.
300 ## - PHYSICAL DESCRIPTION
Number of Pages x, 203 p. :
Other physical details ill. (some col.).
490 1# - SERIES STATEMENT
Series statement Criminal justice, law enforcement and corrections
650 #0 - SUBJECT ADDED ENTRY--TOPICAL TERM
Topical Term Homicide.
Topical Term Criminal psychology.
700 1# - ADDED ENTRY--PERSONAL NAME
Personal name Toliver, Randal B.
Personal name Coyne, Ulrich R.
856 40 - ELECTRONIC LOCATION AND ACCESS
Uniform Resource Identifier http://site.ebrary.com/lib/rucke/Doc?id=10681054

No items available.

© 2026 Rongo University
Contact us: librarian | system librarian | Rongo university